书目信息 |
| 题名: |
跟我学唱歌
|
|
| 作者: | 彭幼卿 著 | |
| 分册: | 合唱指挥卷 | |
| 出版信息: | 长沙 湖南文艺出版社 1996.10 |
|
| 页数: | 287页 | |
| 开本: | 26cm | |
| 丛书名: | ||
| 单 册: | ||
| 中图分类: | J615.1 | |
| 科图分类: | ||
| 主题词: | 合唱--指挥 , 合唱--指挥法 , 音乐--技术--方法 | |
| 电子资源: | ||
| ISBN: | 7-5404-1576-2 | |
| 000 | 00639nam0 2200229 45 | |
| 001 | 0002211583 | |
| 005 | 20041110151046.7 | |
| 010 | @a7-5404-1576-2@dCNY26.60 | |
| 100 | @a20000221d1996 km y0chiy0120 ea | |
| 101 | @achi | |
| 105 | @a z 000yy | |
| 200 | 1 | @a跟我学唱歌@AGen Wo Xue Chang Ge@i合唱指挥卷@f彭幼卿著@FPeng You Qing Zhu |
| 210 | @a长沙@c湖南文艺出版社@d1996.10 | |
| 215 | @a287页@d26cm | |
| 517 | @a合唱指挥卷@AHe Chang Zhi Hui Juan | |
| 606 | 0 | @a合唱@x指挥 |
| 606 | 0 | @a合唱@x指挥法 |
| 606 | 0 | @a音乐@x技术@x方法 |
| 690 | @aJ615.1@v1 | |
| 701 | 0 | @a彭幼卿@4著 |
| 801 | @aCN@bTSTC@c20000221 | |
| 905 | @dJ615.1@e142 | |
| 跟我学唱歌.合唱指挥卷/彭幼卿著.-长沙:湖南文艺出版社,1996.10 |
| 287页;26cm |
| ISBN 7-5404-1576-2:CNY26.60 |
| ● |
| 相关链接 |
|
|
|
|
正题名:跟我学唱歌
索取号:J615.1/142
 
预约/预借
| 序号 | 登录号 | 条形码 | 馆藏地/架位号 | 状态 | 备注 |
| 1 | 0284993 | 002849939 | 第一借阅区/ [索取号:J615.1/142] | 在馆 | |
| 2 | 0284994 | 002849948 | 第一借阅区/ [索取号:J615.1/142] | 在馆 | |
| 3 | 0284995 | 002849957 | 第一借阅区/ [索取号:J615.1/142] | 在馆 | |
| 4 | 0284996 | 002849966 | 第一借阅区/ [索取号:J615.1/142] | 在馆 | |
| 5 | 0284997 | 002849975 | 第一样本阅览室/ [索取号:J615.1/142] | 在馆 | |
| 6 | 0291738 | 002917384 | 第一借阅区/ [索取号:J615.1/142] | 在馆 | |
| 7 | 0291739 | 002917393 | 第一借阅区/ [索取号:J615.1/142] | 在馆 |